Microbiology for environmental scientists and engineers

Tallennettuna:
Bibliografiset tiedot
Päätekijät: Gaudy, Anthony F (Tekijä), Gaudy, Elizabeth (Tekijä)
Aineistotyyppi: Kirja
Kieli:englanti
Julkaistu: Nueva York McGraw Hill 1980
Aiheet:
Tagit: Lisää tagi
Ei tageja, Lisää ensimmäinen tagi!

MARC

LEADER 00000nam a2200000 a 4500
001 UCP1212
003 CL-VaPUC
008 990401e19800000US |||||||||||||||||eng|d
082 0 4 |a 576.165  |b GAU  |2 21 
100 0 |a Gaudy, Anthony F  |e author  |9 427143 
700 0 |a Gaudy, Elizabeth  |e author  |9 427144 
245 1 0 |a Microbiology for environmental scientists and engineers 
300 |a 736 p 
942 |c BK 
945 |d 19990401 00:00:00  |a aarredon 
260 |a Nueva York  |b McGraw Hill  |c 1980 
650 0 |a Microbiología   |9 259706 
650 7 |a POLUCION  |2 CL-VaPUC  |9 373003 
650 0 |a Agua  |9 257149 
650 7 |a COMPOSICION QUIMICA  |2 CL-VaPUC  |9 403020 
650 0 |a Células   |9 269548 
650 0 |a Materia orgánica  |9 348286 
650 0 |a Microorganismos  |9 264259 
583 |a last modification  |c 19990401 00:00:00  |k Rodrigo Vera 
999 |c 279919  |d 279917 
952 |0 0  |1 0  |4 0  |6 576_165000000000000_GAU_1980  |7 0  |8 A  |9 319840  |a BIBING  |b BIBING  |d 2019-11-20  |i 3281973  |o 576.165 GAU 1980  |p 3281973  |r 2025-01-20  |w 2019-11-20  |y BK  |k EIB